English for today
Zapisane w:
| Format: | Książka |
|---|---|
| Język: | Undetermined |
| Wydane: |
Thành phố Hồ Chí Minh
Tổng hợp
2004
|
| Hasła przedmiotowe: | |
| Etykiety: |
Dodaj etykietę
Nie ma etykietki, Dołącz pierwszą etykiete!
|
| Thư viện lưu trữ: | Trung tâm Học liệu Trường Đại học Cần Thơ |
|---|
| LEADER | 00540nam a2200181Ia 4500 | ||
|---|---|---|---|
| 001 | CTU_118032 | ||
| 008 | 210402s9999 xx 000 0 und d | ||
| 082 | |a 428 | ||
| 082 | |b E58/Vol.5 | ||
| 245 | 0 | |a English for today | |
| 245 | 0 | |c Nguyễn Trần Nhật Vũ (chủ biên)... [et all.] | |
| 260 | |a Thành phố Hồ Chí Minh | ||
| 260 | |b Tổng hợp | ||
| 260 | |c 2004 | ||
| 650 | |a English language | ||
| 650 | |x Study and teaching | ||
| 904 | |i Nguyên | ||
| 980 | |a Trung tâm Học liệu Trường Đại học Cần Thơ | ||